| 000 | 00771nam a2200229 a 4500 | ||
|---|---|---|---|
| 001 | BRCA_2356 | ||
| 005 | 20190320203755.0 | ||
| 008 | 231008s2007----ne-a---###---#000-0#eng-# | ||
| 020 | _a9789076162119 | ||
| 050 | 4 |
_aF1210 _b.C85 2007 |
|
| 245 | 1 | 0 |
_aCulture and Conflict _b2007 Prince Claus Awards = Prix Prince Claus 2007 = Premios Príncipe Claus 2007. |
| 260 |
_aNetherlands _bPrince Claus Fund _c2007 |
||
| 300 |
_a127 p. _bil. (algunas a color) _c23 cm. |
||
| 546 | _aTexto en : inglés, francés y español | ||
| 610 | 2 | 4 |
_aFundación Príncipe Claus _97064 |
| 650 | 1 | 4 |
_aPolítica y cultura _97065 |
| 650 | 1 | 4 |
_aÉtica _97066 |
| 740 | 0 | _a2007 Prince Claus Awards | |
| 740 | 0 | _aPrix Prince Claus 2007 | |
| 740 | 0 | _aPremios Príncipe Claus 2007 | |
| 942 |
_2lcc _cB |
||
| 999 |
_c2097 _d2097 |
||